Indovina la canzone di tha supreme dal testo - Statistics

Statistiche generali
  • Questo quiz è stato fatto 250 volte
  • Il punteggio medio è 7 su 15
Statistiche sulle risposte
Hint Risposta % Corretto
Un viaggio lungo cambia lo spirito Tu nel mentre parli, non sei spiritoso blunt a swishland
69%
E come sto? (Yah) Non lo so, preso bene O preso male, oppure è uguale, non lo so (Ehi) fuck ex
64%
Un mio amico si chiamava Ernesto Diceva: "Chiamami Er Fresco" ciao
62%
Mi rileggo chat di Snapchat e non sai chi mi ha riscritto ieri sera La mia ex, que-quel-quella pazza vera oh god
62%
Stavo male (okay) Sottovalutavo il mio male (okay) in una bubble
59%
Mai chiamare qualcun altro col nome di re Tutti vogliono esserlo, ma guarda che Uno ce n'è one king
57%
Perché se resto da solo Vuol dire che erano solo infami, yo solo
55%
Tutti quanti fanno cose, ma non me la piglio Se io guardo il cielo, è verde, mi trovo un appiglio blu
44%
Non sopporto se vuoi morto uno e dici, "Bro, resta" Bla, bla, bla, bla, bla, parlano, mi fuma la testa xan
44%
Io che volevo tanto star meglio in un quadro bianco con i miei colori Quelli che poi mi hai tolto dicendo cose che forse è meglio mi scordi molecole
43%
Yea, eh, giuro che sarò qua anche Se c'ho il cuore a metà, ah, seh dimmi che c'è
34%
In tutti i miei tormenti Tu ci sarai Anche in fondo al mare, in fondo al mare, disperso so che ci sei
33%
Viene in ginocchio a chieder venia Ma sono il tipo che se le segna moon
29%
Vado via per un po', yah Importa niente di un Porsche swingo
29%
Sto sbuffando fuori tutti i fiori, rasta Con quello che c'è là fuori corri e basta non puoi fare nada
18%
Nessun quiz corrispondente trovato
Distribuzione punteggi
Percentuale di utenti per punteggio
Percentile per numero di risposta
I tuoi punteggi nel tempo
Non hai fatto questo quiz